| 000 | 01149nmc a2200385 a 4500 | ||
|---|---|---|---|
| 003 | AR-BaBNM | ||
| 005 | 20251128205256.0 | ||
| 008 | 011101s1997 ||||||||||||||000 | spa|| | ||
| 020 | _a84-493-0353-2 | ||
| 040 | _cAR-BaBNM | ||
| 100 | 1 | _aGiroux, Henry A. | |
| 245 | 1 | 0 |
_aCruzando límites _btrabajadores culturales y políticas educativas |
| 250 | _a1ª ed. | ||
| 260 |
_aBarcelona _bPaidós _c1997 |
||
| 300 | _a298 p. | ||
| 490 | 0 |
_aPaidós educador _vv. 123 |
|
| 500 | _aContiene índice analítico y de nombres | ||
| 504 | _aContiene referencias bibliográficas en notas a pie de página | ||
| 600 | 1 | 4 | _aGolub, León |
| 650 | 4 | _aTEORIAS DE LA EDUCACION | |
| 650 | 4 | _aPOLITICA EDUCATIVA | |
| 650 | 4 | _aFINALIDADES DE LA EDUCACION | |
| 650 | 4 | _aESTADO Y EDUCACION | |
| 650 | 4 | _aDIFERENCIACION CULTURAL | |
| 650 | 4 | _aDIFERENCIACION SOCIAL | |
| 650 | 4 | _aDESIGUALDAD CULTURAL | |
| 650 | 4 | _aRAZA | |
| 650 | 4 | _aRELACIONES INTERETNICAS | |
| 650 | 4 | _aRELACIONES RACIALES | |
| 653 | _aPOSMODERNIDAD | ||
| 653 | _aPEDAGOGIA CRITICA | ||
| 700 | 1 |
_aTosaus Abadía, José Pedro _etraductor |
|
| 942 | _cBK | ||
| 998 | _csilvi | ||
| 999 |
_c10693 _d10693 |
||